=LDR 00000nam 2200000 4500 =001 INLIS000000000004252 =005 20250702034645 =035 ##$$a 0010-0725000063 =007 ta =008 250702################f##########0###### =082 ##$$a 304.66 =084 ##$$a 304.66 BAD h =245 1#$$a Himpunan Surat-surat Keputusan Kepala BKKBN Pusat Tahun 1979 /$c Badan Koordinasi Keluarga Berencana Nasional (BKKBN) =260 ##$$a Jakarta :$b Badan Koordinasi Keluarga Berencana Nasional (BKKBN),$c 1980 =300 ##$$a v, 101 hlm. : $b ilus. =650 #4$$a Keluarga Berencana =650 #4$$a Kepala BKKBN =110 2#$$a Badan Koordinasi Keluarga Berencana Nasional (BKKBN)